Gols brasileiros em copa do mundo - Statistics

Estatísticas Gerais
  • Esse quiz foi jogado 472 vezes
  • A pontuação média é 32 de 77
Estatísticas das Respostas
Gols2 Jogador % Correto
12 Pelé
99%
15 Ronaldo
99%
4 Neymar Jr
95%
2 Ronaldinho Gaúcho
89%
5 Romário
87%
8 Rivaldo
85%
1 Kaká
81%
5 Zico
81%
6 Bebeto
80%
5 Garrincha
79%
1 Roberto Carlos
79%
2 David Luiz
72%
2 Fred
72%
1 Zé Roberto
70%
1 Thiago Silva
65%
1 Roberto
64%
1 Oscar ( Bernardi )
63%
2 Oscar ( Junior )
63%
2 Robinho
63%
2 Adriano
62%
2 Jair
61%
6 Rivelino
61%
3 Luís Fabiano
60%
4 Sócrates
59%
1 Carlos Alberto
57%
9 Jairzinho
54%
1 Branco
53%
1 Junior ( Gama )
53%
1 Junior ( Souza )
53%
7 Careca
52%
9 Vavá
51%
8 Leônidas
50%
3 Tostão
49%
3 Didi
47%
2 Zagallo
46%
3 Falcão
44%
1 Raí
44%
1 Juninho Pernambucano
43%
1 Maicon
41%
8 Ademir
38%
1 Gérson
36%
2 Elano
35%
1 Juan
33%
1 Nilton Santos
33%
2 Serginho Chulapa
32%
3 Roberto Dinamite
30%
1 Zito
30%
3 César Sampaio
28%
2 Müller
28%
1 Edimílson
27%
2 Éder
26%
3 Amarildo
24%
1 Djalma Santos
24%
1 Márcio Santos
24%
1 Gilberto
23%
1 Reinaldo
23%
1 Clodoaldo
22%
2 Nelinho
20%
2 Josimar
19%
2 Zizinho
19%
1 Edinho
14%
3 Preguinho
14%
1 Friaça
12%
2 Mazzola
12%
3 Dirceu
11%
3 Baltazar
10%
2 Moderato
9%
2 Pinga
8%
1 Rildo
7%
4 Chico
6%
2 Julinho
6%
1 Valdomiro
6%
1 Alfredo
4%
1 Maneca
4%
3 Romeu
4%
3 Perácio
3%
1 Fernadinho
2%
Nenhum quiz correspondente encontrado
Distribuição das Pontuações
Porcentagem de Pessoas com Cada Pontuação
Percentil de Números Respondidos
Sua Pontuação Histórica
Você não jogou esse quiz